Fichajes del FC Real Madrid dede 2001-2002 - Estadísticas

Estadísticas generales
  • Esta prueba ha sido intentada 181 veces
  • La puntuación promedio es 68 de 93
Estadísticas de respuestas
Imagen Respuesta % Correcto
Zidane
99%
Ronaldo
98%
Ramos
97%
Beckham
96%
Cristiano
96%
Marcelo
96%
Pepe
96%
Benzema
95%
Robben
95%
Bale
94%
Casemiro
94%
Ozil
94%
Di Maria
93%
Higuain
93%
Isco
93%
Kaka
93%
Kroos
93%
Modric
93%
Varane
93%
Carvajal
92%
James Rodriguez
91%
Xabi Alonso
91%
Cannavaro
90%
Khedira
90%
Morata
90%
Navas
90%
Lucas Vazquez
89%
Asensio
87%
Chicharito
87%
Courtois
87%
Eden Hazard
87%
Arbeloa
86%
Coentrao
86%
Kovacic
85%
Vinicius
85%
Mariano
84%
Militao
84%
Jese
83%
Kubo
83%
Nacho Fernandez
83%
Sneijder
83%
Valverde
83%
Illarramendi
82%
Theo Hernandez
82%
Alaba
81%
Diego Lopez
81%
Robinho
81%
Mendy
79%
Diarra
78%
Odriozola
77%
Danilo
76%
Jovic
76%
Dani Ceballos
74%
Negredo
74%
Dudek
73%
Gago
73%
Alvaro Morata
72%
Granero
72%
Raul Albiol
72%
Brahim Diaz
71%
Kiko Casilla
70%
Lunin
70%
Rodrigo
70%
Carvalho
68%
Jose Callejon
67%
Areola
66%
Huntelaar
66%
Sergio Canales
66%
Owen
63%
Nuri Sahin
62%
Altintop
60%
Cheryshev
60%
Cassano
59%
Garay
59%
Samuel
58%
Saviola
57%
Van Nistelroy
57%
Lucas Silva
56%
Van Der Vaart
56%
Baptista
53%
Reinier
50%
Heinze
49%
Emerson
40%
Royston
40%
Woodgate
40%
Cicinho
37%
Metzelder
32%
Faubert
31%
Pacheco
29%
Mascarell
26%
Jesus Fernandez
23%
Mahamadou
20%
Alberto Soro
1%
No se encontraron pruebas coincidentes
Distribución de puntuación
Porcentaje de gente con cada puntuación
Porcentaje por número respondido
Historial de tus puntuaciones
No has intentado esta prueba.